Microsoft Windows 95 : comprehensive
| Main Author: | |
|---|---|
| Format: | Book |
| Published: |
Cambridge :
Course Technology ,
1997
|
MARC
| LEADER | 00000cam a2200000 7i4500 | ||
|---|---|---|---|
| 001 | 0000009944 | ||
| 005 | 20090506093000.0 | ||
| 020 | |a 1565279980 | ||
| 090 | 0 | 0 | |a L/O. B 029339 |
| 100 | 1 | |a Parsons, June Jamrich , |e author | |
| 245 | 1 | 0 | |a Microsoft Windows 95 : |b comprehensive |c June Jamrich Parsons, Dan Oja, Joan Carey |
| 260 | 2 | |a Cambridge : |b Course Technology , |c 1997 | |
| 300 | |a xxiv, 1256 p. ; |c 28 cm. | ||
| 999 | |a 1000072796 |b Book |c OPEN SHELF (30 DAYS) |e Tembila Campus | ||